De lo espiritual en la vida humana

Saved in:
Bibliografiske detaljer
Hovedforfatter: Molina Garmendia, Enrique (autor)
Format: Bog
Sprog:spansk
Udgivet: Santiago Nascimento 1947
Udgivelse:2a. ed
Fag:
Tags: Tilføj Tag
Ingen Tags, Vær først til at tagge denne postø!

MARC

LEADER 00000nam a2200000 a 4500
001 UCY3395
003 CL-VaPUC
008 941226e19470000CL |||||||||||||||||spa|d
082 0 4 |a 141  |b MOL  |2 21 
100 |a Molina Garmendia, Enrique  |e autor  |9 309095 
245 1 0 |a De lo espiritual en la vida humana 
250 |a 2a. ed 
300 |a 230 p 
942 |c BK 
945 |d 19941226 00:00:00  |a oaravena 
260 |a Santiago  |b Nascimento  |c 1947 
650 0 |a Mente y cuerpo  |9 307279 
583 |a last modification  |c 19941226 00:00:00  |k Rodrigo Vera 
999 |c 231546  |d 231544 
952 |0 0  |1 0  |4 0  |6 141_000000000000000_MOL_1947  |7 0  |8 X  |9 234900  |a BIBHIS  |b BIBHIS  |d 2019-11-15  |i 3046257  |o 141 MOL 1947  |p 3046257  |r 2024-01-30  |w 2019-11-15  |y BK_X  |k HIS